00229nam a22000977a 4500008004100000082001100041245004400052260000900096300001300105440001300118180807b xxu||||| |||| 00| 0 eng d a813.52 aThe visual basic Ta for studentscLIN.F c1995 a1fFLOPY xKT3L27D3